[Event "Tata dag-6-kamp 2Z"]
[Site "?"]
[Date "2019.01.16"]
[Round "3"]
[White "Witt, Rob"]
[Black "Wahlund, Max"]
[Result "1/2-1/2"]
[WhiteElo "2138"]
[BlackElo "2151"]
[Annotator "Witt"]
[PlyCount "89"]
[EventDate "2019.??.??"]

{Met 1-2 en mijn tegenstander 1½-2 moest ik winnen om gedeeld eerste te
worden. Gedeeld eerste omdat de 14-jarige Noor met de fraaie naam André
Gjestemoen-VonHirsch al op 2-3 geëindigd was dankzij een gratis punt omdat de
Fransman Valette zich teruggetrokken had. De jonge Noor was duidelijk erg
teleurgesteld.} 1. d4 {Ik had niks voorbereid want Max speelt zo ongeveer alle
openingen.} d5 2. c4 dxc4 {Ik heb gek genoeg weinig ervaring tegen het
Aangenomen Damegambiet en de resultaten zijn ook niet denderend.} 3. e3 ({
De laatste keer was geloof ik een nederlaag tegen Bianca Mühren waar ik koos
voor} 3. e4 e5 4. Nf3 Bb4+ {die deed ze voor het eerst. En ik speelde
gedachtenloos} 5. Nbd2 {waarop volgde} c3 $1 {en het is al mis voor wit.}) 3...
e5 4. Bxc4 exd4 5. exd4 Nf6 6. Nf3 Bb4+ ({Deze stelling kan ook uit de Franse
ruilvariant ontstaan en zelf speel ik hier} 6... Bd6) 7. Nc3 O-O 8. O-O Bg4 ({
Avrukh gaat verder met} 8... Nc6 9. h3 h6) 9. Be3 ({Achteraf geef ik toch de
voorkeur aan} 9. h3 Bh5 (9... Bxf3 10. Qxf3 Nc6 11. Be3 {scoort heel goed voor
wit.}) 10. g4 Bg6 11. Ne5 $14) 9... Nc6 10. Be2 $6 ({En hier had ik zeker
moeten kiezen voor} 10. h3) 10... Nd5 {Na 10 minuten de zet die Howard
Staunton reeds speelde in 1848.} 11. Qd3 {Ook na 10 minuten.} ({Misschien is} 
11. Qc2 {wat de tegenstander van Staunton speelde, iets beter.}) 11... Nce7 {
Na 10 minuten.} 12. h3 {Na 6 minuten.} Bf5 13. Qd2 c6 {Wit heeft minder dan
niets bereikt.} 14. Nh4 $2 {En dit is een fout. Maar het duurde even voor ik
dat begreep, want Max dacht nu 22 minuten na.} Nxc3 {Die verraste mij
enigszins al had ik nog niet in de gaten waarom dit zo goed was.} 15. bxc3 Bxc3
$1 {Ja, nu wel. Ik had dit hele idee totaal gemist.} 16. Qxc3 Nd5 17. Qb3 (17.
Qd2 Qxh4 18. Bg5 {wint geen dame.}) 17... Qxh4 18. Qxb7 Rae8 $6 {Na 8 minuten.
Wit nog een uur, zwart een half uur.} ({Niet zo duidelijk is} 18... Nxe3 19.
fxe3 Bxh3 20. Qxc6 ({Max vond} 20. gxh3 Qg3+ 21. Kh1 Qxh3+ 22. Kg1 Qxe3+ 23.
Rf2 {ook niet duidelijk en de engine geeft hem gelijk.})) ({Stockfish geeft
zwart duidelijk voordeel na} 18... Be4 $15) 19. Qxc6 $6 {De eerlijkheid
gebiedt te zeggen dat ik dacht dat ik hier verloren stond en alleen maar kon
afwachten hoe zwart het af zou maken.} ({Na} 19. Bc4 {is het echter
onduidelijk volgens Stockfish.}) 19... Be4 (19... Nxe3 20. fxe3 Rxe3 21. Rxf5
Rxe2 {vond Max te weinig.}) 20. Qc1 $6 {Deze kwam voor Max als een verrassing
en hij dacht nu 12 minuten na.} (20. Qd7 {lijkt toch iets beter. Ik verwierp
de zet wegens} Re6 {maar} 21. Bg4 Rg6 22. g3 Qf6 {is weer onduidelijk.}) 20...
Qf6 {Zwart nog een kwartier.} 21. Qd2 $2 {Na 10 minuten.} ({Ik zag dat zwart
Dg6 dreigt en daarom overwoog ik} 21. Re1 Qg6 22. Bf1 {maar toen zag ik} Nb4 $1
{met kwaliteitswinst en zocht daarom wat anders.}) ({Relatief het beste was} 
21. Bg5 Qg6 22. f3 Rc8 23. Qa3 {Maar dit laatste heb ik niet gezien.}) 21...
Qg6 22. f3 $2 {Verliezend maar ik zag niks anders.} ({Mijn oorspronkelijke
bedoeling was} 22. g3 Nxe3 23. Qxe3 {en ik dacht dat dit nog ging omdat ik} Bg2
$19 {niet zag.}) 22... Bf5 23. Bg5 Rxe2 24. Qxe2 Qxg5 25. Kh2 Nf4 $19 {Mijn
enige hoop is dat zwart nog 9 minuten heeft.} 26. Qd2 Qh6 ({Ik hoopte op} 26...
Nxh3 27. Qxg5 Nxg5 28. Rac1) ({En ik vreesde} 26... h5) 27. Rfe1 $2 (27. Rae1)
27... Bxh3 $1 28. gxh3 Qxh3+ 29. Kg1 Qg3+ 30. Kf1 Qxf3+ 31. Kg1 h5 {Wit nog
een half uur, zwart 4 minuten.} 32. Re3 Qg4+ 33. Kh1 Rd8 34. Qh2 $2 Rxd4 35.
Rg1 Qd7 36. Qg3 g6 37. Rf1 Qd6 {Zwart nog enkele seconden.} 38. Ref3 Qd5 39.
Kh2 Rd2+ $2 {Geeft de winst weg.} 40. R1f2 Rxf2+ {Beiden een kwartier erbij.}
41. Rxf2 Ne6 42. Qb8+ Kg7 43. Qb2+ $1 Kg8 {Nog 10 minuten.} 44. Qb8+ Kg7 (44...
Nf8 45. Qxa7 {durfde Max niet aan.}) 45. Qb2+ 1/2-1/2

[Event "Caissa intern 2018-2019"]
[Site "?"]
[Date "2019.02.05"]
[Round "2.4"]
[White "Doggers, Peter"]
[Black "Witt, Rob"]
[Result "1/2-1/2"]
[WhiteElo "2159"]
[BlackElo "2133"]
[Annotator "Witt"]
[PlyCount "64"]
[EventDate "2019.??.??"]

{In de 4e ronde van de 2e cyclus speelde ik mijn eerste partij. Tot mijn
verrassing kreeg ik Peter Doggers als tegenstander.} 1. d4 d5 2. c4 e6 3. Nc3
Nf6 4. cxd5 exd5 5. Bg5 c6 6. e3 Be6 {Een ongebruikelijke variant waarmee
Eelke Wiersma mij vorig seizoen verraste. Inmiddels heb ik het ook zelf met
zwart gespeeld tegen Evert Straat. In beide partijen werd zowel door wit als
zwart lang gerokeerd en had zwart geen problemen.} 7. Bd3 Nbd7 8. Nge2 h6 9.
Bh4 g5 10. Bg3 Nh5 11. O-O {Die speelde Peter vrij vlot. In de meeste partijen
rokeert wit lang.} (11. Qc2 Nxg3 12. Nxg3 h5 13. Nf5 (13. O-O-O h4 14. Nge2 Qa5
15. f4 gxf4 16. Nxf4 O-O-O 17. Rhf1 Bb4 18. Kb1 Kb8 19. Rc1 Nb6 20. a3 Bd6 21.
Rcd1 Rde8 22. Rde1 {1/2-1/2 (22) Kuljasevic,D (2534)-Loncar,R (2412) Mali
Losinj 2018}) (13. e4 dxe4 14. Ngxe4 Nb6 15. O-O Qxd4 16. Nxg5 Rg8 17. Ne2 Qg4
18. f4 Nd5 19. h3 Qh4 20. Be4 Nb4 21. Qb1 Bc5+ 22. Kh2 Rxg5 23. fxg5 Bd6+ 24.
Kg1 Qxg5 25. Qc1 Qe5 26. Qf4 {1-0 (46) Vakhidov,J (2525)-Shankland,S (2655)
Abu Dhabi 2015}) (13. Bf5 Qf6 14. O-O-O h4 15. Bxe6 fxe6 16. Nge2 O-O-O 17.
Rhf1 Kb8 18. Kb1 Bd6 19. h3 e5 {0-1 (46) Klekowski,M (2467)-Nabaty,T (2636)
Ordu 2017}) 13... h4 14. O-O-O Qc7 15. Kb1 O-O-O 16. g3 Kb8 17. Qe2 Nf6 18. g4
h3 19. f3 Re8 {1/2-1/2 (43) Karjakin,S (2783)-Meier,G (2630) chess.com INT 2017
}) 11... Nxg3 {Na afloop keken we of zwart deze ruil kan uitstellen, maar we
vonden geen nuttige zet.} (11... Qe7 {om lang te rokeren lijkt niet goed omdat
wit snel aanval krijgt met} 12. Rb1) ({we keken ook naar} 11... g4 {maar wit
staat heel goed na} 12. Nf4) 12. Nxg3 Nf6 {Na 6 minuten. Dit leek me nuttig
als ik een keer h5 wil spelen.} ({Ik heb niet gezien dat zwart meteen} 12... h5
$5 {kan spelen. Wit kan die beter niet nemen.} 13. Nxh5 $6 ({Beter lijkt} 13.
e4 dxe4 14. Bxe4 h4 ({Een andere mogelijkheid is} 14... Nf6) 15. Nf5 Qf6 {
met moeilijk te beoordelen stelling. Bijv.} 16. Qf3 (16. Qc2 O-O-O $13) 16...
g4 17. Qxg4 Qxd4 18. Rad1 Qf6 $13) 13... g4 14. Nf4 Qg5 {en zwart heeft ruim
voldoende compensatie voor de pion.}) ({Er is een partij met} 12... Qc7 13. f4
({Beter lijkt me} 13. Rb1) 13... gxf4 14. exf4 Nf6 15. f5 Bd7 16. Qe2+ Kd8 $15
17. Rac1 h5 18. Qe5 $2 Qxe5 19. dxe5 Ng4 $19 {0-1 (62) Vo,T (2380)-Buksa,N 
(2385) Riadh 2017}) 13. Rb1 $146 ({De andere partij met een korte rokade ging
verder met} 13. f4 gxf4 14. exf4 Qb6 15. f5 $2 Qxd4+ 16. Kh1 Bd7 17. Qe2+ Kd8
$19 {0-1 (60) L'Ami,A (2286) -Vishnu,P (2543) Douglas 2017}) 13... a5 {Na 12
minuten. Misschien niet de beste zet.} ({Mijn alternatief was} 13... h5 14. b4
h4 15. Nf5 g4 {Geen idee of dit beter was geweest.}) 14. a3 h5 15. b4 h4 16.
Nge2 {Wit heeft hier nog ruim een uur, zwart iets minder dan een uur.} ({
De engine geeft de voorkeur aan} 16. Nf5) 16... axb4 17. axb4 b5 ({Mijn
alternatief was} 17... Bd6 18. b5 Qc7 19. f4 {maar ik wist niet hoe dit te
beoordelen. Stockfish geeft zwart een klein plusje na} g4 20. bxc6 bxc6 21. Rc1
Qe7) 18. e4 {De logische reactie op mijn vorige zet.} dxe4 19. Nxe4 Nd5 {
Na een kwartier.} ({Ik vond het heel lastig om te bepalen of} 19... h3 {
hier of op een van de volgende zetten wel of geen zin had.}) ({En ook in
aanmerking kwam} 19... Nxe4 20. Bxe4 Rc8 {al had ik waarschijnlijk ten
onrechte het idee dat alleen wit hier winstkansen heeft.}) 20. Qd2 {Na 6
minuten.} ({Peter had lang gekeken naar} 20. Qc1 {Ik geloof dat hij een
variant liet zien met een kwaliteitsoffer net Pxb4 Txb4 maar ik zou} Bd7 {
gespeeld hebben en wit kan dan niet goed op g5 slaan.}) 20... Be7 {Wit nog 50
minuten, zwart 35 minuten.} 21. Rfc1 {Na 10 minuten.} Bd7 ({Het alternatief was
} 21... Rc8 {maar ik wilde mijn toren op de a-lijn houden om eventueel Ta4 bij
de hand te hebben.}) 22. Nc5 ({We hebben hier na afloop nog een tijdje gekeken
naar} 22. f4 {maar we konden niks vinden voor wit. Het beste lijkt me nu} h3
23. g3 g4 24. Nc5 O-O {met voordeel voor zwart.}) 22... Bc8 {Na 7 minuten. Het
alternatief was rokade.} 23. Re1 {Na 13 minuten. het staat ongeveer gelijk,
maar ik geloof dat Peter dacht dat hij misschien minder stond omdat geen
concreet plan zag.} Kf8 24. Ra1 $6 {Na 8 minuten.} Rxa1 25. Rxa1 Kg7 {Zwart
staat inmiddels iets beter al was ik me tijdens de partij hier niet van bewust.
} 26. Bc2 {Na 8 minuten. Wit nog 16 minuten, zwart 26 minuten.} Bxc5 $2 {
Peter was heel opgelucht na deze zet.} ({Hij was bang voor} 26... Bf6 {en
inderdaad is dat beter.}) ({De engine geeft zwart duidelijk voordeel na} 26...
h3) 27. dxc5 Qf6 {Ik dacht dat ik hier ook beter stond, maar zag nu dat het
tegenviel.} 28. Rd1 Re8 29. Bb3 $4 {Na 8 minuten een blunder die zowel tijdens
de partij als de post-mortem onopgemerkt bleef.} ({Ik verwachtte} 29. Nd4 {
en had dan waarschijnlijk} Nf4 {gespeeld.} ({veel beter is echter} 29... h3 {
want zwart staat beter na} 30. g3 Re5 $15 {gevolgd door Lg4.})) 29... Rxe2 $2 (
{Zwart kon eenvoudig een pion winnen met} 29... Nxb4 30. Nd4 Na6 $19) 30. Qxe2
Nc3 31. Qd2 Nxd1 32. Bxd1 Bf5 {met remiseaanbod dat Peter meteen aannam.}
1/2-1/2

[Event "Paul Keres 2 - Caissa 2  3-5"]
[Site "?"]
[Date "2019.02.09"]
[Round "6"]
[White "Witt, Rob"]
[Black "Janse, Jan Jaap"]
[Result "1/2-1/2"]
[WhiteElo "2133"]
[BlackElo "2222"]
[Annotator "Witt"]
[PlyCount "136"]
[EventDate "2019.??.??"]

{Ik had op het eerste bord gehoopt op Jan Jaap Janse. Ik had zijn recente
partijen in Gibraltar gezien en was goed voorbereid op zijn 'Balftic Defence'
wat hij meestal speelt. Een paar jaar geleden kwam hij daarmee goed weg tegen
Michael Wunnink. Misschien is hij bang voor mijn voorbereiding en dan verwacht
ik Slavisch.} 1. d4 d5 2. c4 Nc6 {Een onaangename verrassing. Ik kan me niet
herinneren wanneer ik voor het laatst tegen de Chigorin heb gespeeld. Dat moet
in de Euwe-tijd zijn geweest toen ik deze opening tegen Paul Janse vaak op het
bord had.} ({Op de Baltic Defence} 2... Bf5 {had ik me bij mijn voorbereiding
geconcentreerd op} 3. cxd5 Bxb1 4. Qa4+ c6 5. dxc6 Nxc6 6. Rxb1 e5 7. Bd2 {
zoals Michael speelde.}) 3. Nc3 e5 {Ai, een als minder goed bekend staande
zijvariant waar ik echter niks van weet. Dat krijg je als je alleen maar
partijen van de grote jongens volgt en nooit naar zijvarianten in een
theorieboek kijkt.} 4. dxe5 $2 {Na 4 minuten.} ({De juiste zet is} 4. cxd5 {
Ik dacht dat dit niks was wegens} exd4 $2 ({Normaal is} 4... Nxd4 5. e3 $14) 5.
dxc6 dxc3 6. Qxd8+ Kxd8 7. cxb7 Bxb7 8. bxc3 {en ik dacht dat het volkomen
gelijk stond omdat ik niet zag dat wit een gezonde pluspion heeft.}) 4... d4 5.
Ne4 $6 {A tempo gespeeld.} ({Relatief beter was} 5. Nd5 {volgens Jan Jaap.})
5... Nxe5 $15 6. b3 $2 {Na 10 minuten. Pion c4 stond nog niet in, maar ik
dacht dat ik dit toch een keer moest doen.} ({Ik had toch maar moeten kiezen
voor} 6. a3 {en het gaat nog wel.}) 6... Bf5 {Zwart staat hier al op winst
volgens Stockfish (-2,2).} ({was nog sterker volgens de engine.} 6... Nf6) 7.
Ng3 Bg6 {Hier dacht ik een kwartier na zonder iets speelbaars te zien.
Aangezien ik toch verloren stond, besloot ik er maar een rommeltje van te
maken.} 8. f4 Ng4 9. e4 Bb4+ 10. Bd2 Ne3 11. Qc1 {Het heeft weinig zin om de
partij van veel analyses te voorzien. Zwart staat totaal gewonnen en vele
wegen leiden naar Rome. Ik zal me beperken tot wat losse opemerkingen.} Bxd2+ (
11... Ba3 {is ook een aardige zet.}) 12. Qxd2 Qe7 13. Bd3 Nf6 14. e5 Nh5 {
Beiden nog 3 kwartier.} ({Jan Jaap had veel tijd gestoken in} 14... Bxd3 {
maar wit leeft nog na} 15. exf6) 15. Nxh5 Bxh5 {Mijn koning kan niet weg en
zwart gaat lang rokeren en de boel opblazen met g5. Na bijna een kwartier
bedacht ik nog iets.} 16. Be4 O-O-O 17. Bf3 Bg6 18. Kf2 f6 19. exf6 Qxf6 20. g3
Rhe8 {Allebei nog een half uur. Het zwarte voordeel is inmiddels opgelopen tot
ruimn +7. Het speelt wel lekker ontspannen als de uitslag vast staat.} 21. Re1
Qb6 22. g4 Qf6 23. Kg3 h5 {Het zwarte voordeel nadert de +10.} 24. gxh5 Nf5+
25. Kg2 Qh4 26. Rxe8 Rxe8 27. Ne2 Ne3+ 28. Kg1 Bxh5 {Ik overwoog hier op te
geven, maar ik besloot nog zet 30 te halen.} 29. Bxh5 Qxh5 30. Ng3 Qf3 {
Zwart nog een kwartier en in plaats van op te geven speelde ik met nog 4
minuten toch maar} 31. Qe2 {De beste zet. De engine ziet nog geen mat.} ({Na} 
31. f5 d3 {gaat wit mat in 9 zetten.}) 31... Qxf4 {Na 6 minuten.} 32. Qf2 Qg4 (
32... Qd6 $1) 33. h3 Qg6 34. Kh2 Rh8 {Zwart nog 6 minuten} 35. Qf3 {Het zwarte
voordeel is gezakt naar +8.} Qc2+ 36. Qe2 Qxe2+ $2 {Zwart nog 3 minuten.} ({
Ik verwachtte} 36... d3 37. Qxc2 dxc2 38. Rc1 Rd8 39. Ne2 Rd2 40. Kg3 Rxe2 41.
Kf3 {Het makkelijkst wint dan} Re1 42. Rxe1 Nd1 43. Ke2 c1=Q 44. Rxd1 {enz.})
37. Nxe2 d3 {Zwart staat natuurlijk nog steeds gewonnen maar het voordeel is
geslonken naar +2,67.} 38. Nc3 Rf8 $6 {Dat zal ook niet de beste zijn.} 39. Kg3
d2 40. Nd1 Nf5+ $6 {De laatste zet voor de tijdcontrole. Misschien is de winst
hierna problematisch.} (40... Nc2) 41. Kf2 $2 ({Beter is} 41. Kf4 {maar ik
dacht dat dit niet kon wegens} Re8 {maar dat is onzin, want speelt} 42. Rh2)
41... Re8 42. Nc3 Re3 43. Nb1 $6 (43. Nd1 Re4 {leek me verloren, maar
misschien is dat niet zo na een torenzet.} 44. Nc3 $2 Rf4+) 43... Rxh3 44. Rd1
Rh2+ 45. Kf3 {Ik denk dat zwart hier nog steeds gewonnen staat, maar na de
volgende twee zetten misschien niet meer.} c5 {Na 9 minuten, zwart nog een
kwartier, wit 24 minuten.} 46. Ke4 g6 $6 47. Rxd2 Rxd2 48. Nxd2 Kd7 {Hier had
ik voor het eerst in de partij het gevoel dat ik het kon houden.} 49. Ke5 ({
De engine geeft de voorkeur aan} 49. Kd5 {Ik zie niet zo gauw waarom.}) 49...
Ke7 50. Ne4 b6 51. Nc3 Ne3 {Hierna is het remise volgens de engine.} ({Zwart
had} 51... Nd4 {moeten proberen.}) 52. Nb5 a6 53. Nc7 ({Mijn eerste gedachte
was} 53. Nc3 Kd7 54. Kf6 {maar toen zag ik dat de tekstzet wat duidelijker
remise was.}) 53... Kd7 54. Nxa6 g5 {Hier schrok ik in eerste instantie van.} (
{Ik had alleen gekeken naar} 54... Kc6 55. Kf6 Kb7 56. Nxc5+ bxc5 57. Kxg6 {
en wit kan altijd de laatste zwarte pion afruilen.}) 55. Ke4 Nc2 56. Kf5 {
Gelukkig maakt het niet uit.} Kc6 ({Niet mogelijk is} 56... Nb4 57. Nxb4 cxb4
58. Kxg5 {en wit wint.}) 57. Kxg5 Kb7 58. Nxc5+ bxc5 59. Kf4 Kc6 (59... Kb6 60.
Ke4 Nb4 61. a3 Nc2 62. b4) 60. Kf3 Kb6 61. Ke2 Ka5 62. Kd2 Nd4 63. Kc3 Ne2+ 64.
Kb2 Nd4 65. a3 Nc6 66. Kc3 Nd4 67. b4+ Kb6 68. bxc5+ Kxc5 {De wonderlijkste
remise die ik ooit gespeeld heb. Met name omdat ik zo ontzettend lang volkomen
verloren heb gestaan. Een andere meevaller was de onverwachte winst van
Maarten zodat we de wedstrijd zelfs nog wonnen.} 1/2-1/2

[Event "Caissa intern 2018-2019"]
[Site "?"]
[Date "2019.02.12"]
[Round "2.5"]
[White "Witt, Rob"]
[Black "Blanchard, Jack"]
[Result "0-1"]
[WhiteElo "2133"]
[BlackElo "2194"]
[Annotator "Witt"]
[PlyCount "32"]
[EventDate "2019.??.??"]

{Ik stond voor de keus om op een borrel te blijven hangen met ex-collega's of
een potje intern. Ik koos voor het laatste en dat had ik beter niet kunnen
doen.} 1. Nf3 d5 2. e3 {Deze tot voor kort ongebruikelijke zet zie je
tegenwoordig wel vaker.} Bg4 {Een soort Trompowsky in de nahand. Ik overwoog
even h3, zoals gebruikelijk in de Trompowsky, maar besloot nog even te wachten.
} 3. c4 Bxf3 {Gelukkig heb ik geen h3 gedaan.} 4. Qxf3 c6 5. b3 ({Het beste
leek me eerlijk gezegd} 5. d4 {met overgang naar Slavische stellingsbeelden.
Ik wilde echter een keer wat anders.}) 5... e6 6. Bb2 Nd7 {Ik was in een
frivole bui en na 5 minuten besloot ik tot} 7. g4 $6 {Dat doen ze tegenwoordig
in elke stelling, dus waarom niet hier. Misschien omdat er nog geen paard op
f6 staat.} Ngf6 $6 {Vlot gespeeld door Jack.} ({Stockfish ziet meer in} 7... h5
$1 {en daar is zelfs een partij mee gespeeld.}) 8. g5 (8. h4 {is ook
interessant.}) 8... Ne4 9. h4 h6 10. d3 Nd6 {Jack blijft vlot spelen. Ik had
eigenlijk wel een schaakje verwacht. Hier begon ik voor het eerst wat langer
naar het bord te staren en na 8 minuten koos ik helaas voor} 11. Rg1 $2 ({
Mijn oorspronkelijke bedoeling was het veel betere} 11. g6 $1 {Maar ik moest
ineens denken aan het interessante artikel van Judith Polgar, 'The Pawn
Umbrella', in het laatste nummer van NiC-magazine. Daarin geeft ze voorbeelden
hoe een koning veilig kan staan achter pionnen van de tegenstander. Ik bedacht
dat ik misschien moeilijk verder kan komen na} f6 $6 {Stockfish vindt deze
stelling echter uitstekend voor wit.}) 11... hxg5 (11... dxc4 $1 12. dxc4 Nf5
$17) 12. hxg5 dxc4 13. dxc4 Qa5+ {Zwart heeft niet echt geprofiteerd van mijn
zwakke 11e zet en hier had ik Lc3 gepland. Maar zonder analyseren dacht ik,
waarom niet} 14. Nc3 $4 ({Na afloop keken we even naar} 14. Bc3 Qf5 15. Qxf5
exf5 16. Nd2 Nc5 17. Bg2 O-O-O 18. Ke2 {en concludeerden dat het ongeveer
gelijk stond.}) 14... Ne5 $19 {Dit wint op slag al had ik dat hier nog niet
door.} 15. Qg2 {om een zwart paard van e4 weg te houden. Een ? is overbodig
want elke damezet verliest.} (15. Qf4 Rh4 $19) (15. Qe2 Ne4 $19) 15... Rh2 {
Die had ik natuurlijk gemist.} ({Grappig is dat de zet die ik wilde verhinderen
} 15... Ne4 {gewoon kan. Want op} 16. Qxe4 {wint zwart met} Ba3 $19) 16. Qg3
Ne4 {Goed genoeg want ik feliciteerde Jack. Ik kon om 9:00 uur weer naar huis
voor de Champions League.} (16... Nf5 $1 {was nog sterker.}) 0-1